000 00962nam a22002897a 4500
001 4944
003 FISKH
005 20241025160550.0
008 241025b cb ||||| |||| 00| 0 eng d
020 _a9780439280686
040 _aFISKH
_beng
_cFISKH
_dFISKH
050 _aPZ7.B82816
082 _a544
100 _aBruchac, Joseph
245 _aSacajawea /
_cby Joseph Bruchac
250 _aFirst Scholastic paperback printing , March 2001
260 _aNew York :
_bScholastic ;
_c2000 .
300 _a199 pages :
_billustrations ;
_c20 cm .
505 _aU
520 _aSacajawea, a Shoshoni Indian interpreter, peacemaker, and guide, and William Clark alternate in describing their experiences on the Lewis and Clark Expedition to the Northwest.
521 8 _a840
_bLexile
521 8 _aU
_bRaz-Plus
650 _aNative American
_vfiction
700 _aJohnson, Stephen T.
_eillustrator
942 _2ddc
_cBK
_n0
999 _c4944
_d4944